000 00745nam a2200229Ia 4500
005 20220122115958.0
008 210716s2005 xx 000 0 und d
020 _a9789390352814
040 _cAIMIT LIBRARY
041 _aeng
082 _a332.12
_228
_bGORE
100 _aGordon, E.
_914397
245 _aBanking:
_btheory law and practice /
_cby E. Gordon and K. Natarajan.
250 _a[28th ed.]
260 _aNew Delhi :
_bHimalaya Publishing House ,
_c2005 .
300 _a386p. ; 28cm.
650 _aNon-banking financial institutions
_914398
650 _aCommercial banks and economic development
_914399
650 _aModes of charging security
_914400
700 _aNatarajan, K.
_914401
942 _2ddc
_cBK
_e28
_k332.12 GORE
999 _c211608
_d211608